Maternal & child health nursing : (Record no. 86026)
[ view plain ]
| 000 -LEADER | |
|---|---|
| fixed length control field | 01067nam a22002777a 4500 |
| 003 - CONTROL NUMBER IDENTIFIER | |
| control field | URS |
| 005 - DATE AND TIME OF LATEST TRANSACTION | |
| control field | 20250909104435.0 |
| 008 - FIXED-LENGTH DATA ELEMENTS--GENERAL INFORMATION | |
| fixed length control field | 250909b |||||||| |||| 00| 0 eng d |
| 020 ## - INTERNATIONAL STANDARD BOOK NUMBER | |
| International Standard Book Number | 978-1-9752-0735-9 |
| 040 ## - CATALOGING SOURCE | |
| Transcribing agency | URS |
| Language of cataloging | English |
| Description conventions | rda |
| 050 00 - LIBRARY OF CONGRESS CALL NUMBER | |
| Classification number | RG951 |
| Item number | .S156 2022 |
| 100 ## - MAIN ENTRY--PERSONAL NAME | |
| Personal name | Silbert-Flagg, JoAnne, |
| Relator term | author. |
| 245 10 - TITLE STATEMENT | |
| Title | Maternal & child health nursing : |
| Remainder of title | care of the childbearing & childrearing family / |
| Statement of responsibility, etc | JoAnne Silbert-Flagg. |
| 250 ## - EDITION STATEMENT | |
| Edition statement | 9th edition. |
| 264 ## - PUBLICATION, DISTRIBUTION, ETC. (IMPRINT) | |
| Place of publication, distribution, etc | Philadelphia : |
| Name of publisher, distributor, etc | Wolters Kluwer Health/Lippincott Williams & Wilkins, |
| Date of publication, distribution, etc | ©2022. |
| 300 ## - PHYSICAL DESCRIPTION | |
| Extent | xxxi,1672 pages : |
| Other physical details | illustrations ; |
| Dimensions | 26 cm. |
| 504 ## - BIBLIOGRAPHY, ETC. NOTE | |
| Bibliography, etc | Includes bibliographical references and index. |
| 650 #0 - SUBJECT ADDED ENTRY--TOPICAL TERM | |
| Topical term or geographic name as entry element | Maternity nursing. |
| 650 #0 - SUBJECT ADDED ENTRY--TOPICAL TERM | |
| Topical term or geographic name as entry element | Pediatric nursing. |
| 650 #0 - SUBJECT ADDED ENTRY--TOPICAL TERM | |
| Topical term or geographic name as entry element | Maternal-Child Nursing. |
| 650 #0 - SUBJECT ADDED ENTRY--TOPICAL TERM | |
| Topical term or geographic name as entry element | Family Health. |
| 655 #0 - INDEX TERM--GENRE/FORM | |
| Genre/form data or focus term | CD-ROMs. |
| 856 42 - ELECTRONIC LOCATION AND ACCESS | |
| Materials specified | Publisher description |
| Uniform Resource Identifier | <a href="http://www.loc.gov/catdir/enhancements/fy1010/2008052578-d.html">http://www.loc.gov/catdir/enhancements/fy1010/2008052578-d.html</a> |
| 856 41 - ELECTRONIC LOCATION AND ACCESS | |
| Materials specified | Table of contents only |
| Uniform Resource Identifier | <a href="http://www.loc.gov/catdir/enhancements/fy1012/2008052578-t.html">http://www.loc.gov/catdir/enhancements/fy1012/2008052578-t.html</a> |
| 942 ## - ADDED ENTRY ELEMENTS (KOHA) | |
| Source of classification or shelving scheme | Library of Congress Classification |
| Koha item type | Reserved Books |
| Withdrawn status | Lost status | Source of classification or shelving scheme | Damaged status | Not for loan | Collection code | Home library | Current library | Shelving location | Date acquired | Source of acquisition | Total Checkouts | Full call number | Barcode | Date last seen | Copy number | Price effective from | Koha item type |
|---|---|---|---|---|---|---|---|---|---|---|---|---|---|---|---|---|---|
| Library of Congress Classification | Non-fiction | Taytay College Library | Taytay College Library | Nursing Collection | 08/12/2025 | Purchased | RG951 .S156 2022 vol.1 | URSTAY-5823 | 09/09/2025 | 1 | 09/09/2025 | Reserved Books | |||||
| Library of Congress Classification | Non-fiction | Taytay College Library | Taytay College Library | Nursing Collection | 08/12/2025 | Purchased | RG951 .S156 2022 vol.2 | URSTAY-5852 | 09/09/2025 | 1 | 09/09/2025 | Reserved Books |